000 005060000a22001810004500
003 MACL
005 20160304134531.0
008 160304b xxu||||| |||| 00| 0 eng d
040 _aMACL
_cMACL
041 _aHindi
082 _a891.431
100 _aगुप्‍त श्रीमैथिलीशरण
_942643
245 _aजयद्रथ-वध
260 _bसाहित्‍य सदन
_aझाॅसी
350 _a.75
650 _aPoetry
_942644
942 _cHIN
_k891.431
_2ddc
999 _c23018
_d23018